| 000 | 00859nam a2200229Ii 4500 | ||
|---|---|---|---|
| 003 | JO-AjNU | ||
| 008 | 230605s9999||||xx |||||||||||||| ||und|| | ||
| 017 | _a2000/9902 | ||
| 020 | _a977-337-073-9 | ||
| 040 |
_aJO-AjNU _bara _erda _cJO-AjNU |
||
| 041 | _aara | ||
| 050 | 1 | 4 | _aHG1615 2010 |
| 100 | 3 |
_aاعداد: مركز الخبرات المهنية اللادارة بميك؛المستشار:عبدالرحمن توفيق, _eauthor _932336 |
|
| 245 | 0 | 0 | _aالمفاهيم الحديثة لادارة البنوك |
| 264 | 3 | 1 | _aالقاهرة: مركز الخبرات المهنية اللادارة بميك، 2010 |
| 300 | _a99ص | ||
| 336 |
_atext _btxt _2rdacontent |
||
| 337 |
_aunmediated _bn _2rdamedia |
||
| 338 |
_avolume _bnc _2rdacarrier |
||
| 490 | 0 | _aالمناهج التدريبية؛ 205 | |
| 650 | 4 |
_aادارة البنوك _932337 |
|
| 999 |
_aA13042 _c16610 _d16610 |
||